00308nam a2200121Ia 4500008004100000020001800041041000800059082001500067100002100082245004300103260003100146300000900177220803s9999 xx 000 0 und d a9788179935569 aeng a720.47 GRO aGrosclaude J Ed. aInnovation For Sustainable Development aNew DelhibTeri Pub.c2014 a304p